logo

Bir Sreshtho Munshi Abdur Rouf Library
Jhenaidah Cadet College

Kazi Najrul Islam : (Record no. 12858)

MARC details
000 -LEADER
fixed length control field 00639nam a2200229 a 4500
001 - CONTROL NUMBER
JCCL Control Number 12858
003 - CONTROL NUMBER IDENTIFIER
JCCL marc code BD-JhCC
005 - DATE AND TIME OF LATEST TRANSACTION
control field 20230521100242.0
008 - FIXED-LENGTH DATA ELEMENTS--GENERAL INFORMATION
fixed length control field 230521s2011 b a|||| |||| 000 0 be d
020 ## - INTERNATIONAL STANDARD BOOK NUMBER
International Standard Book Number 9845554180
035 ## - SYSTEM CONTROL NUMBER
system control number (BD-JhCC)12858
040 ## - CATALOGING SOURCE
Original cataloging agency BD-JhCC
Modifying agency BD-JhCC
041 ## - LANGUAGE CODE
Language code of Book ben
082 ## - DEWEY DECIMAL CLASSIFICATION NUMBER
Classification number 923
Author mark and Year REB 2011
245 ## - TITLE STATEMENT
Title Kazi Najrul Islam :
Remainder of title the rebel poet /
Statement of responsibility, etc Najrul Institute, Dhaka
260 ## - PUBLICATION, DISTRIBUTION, ETC. (IMPRINT)
Place of publication, distribution, etc Dhaka:
Name of publisher, distributor, etc Najrul Institute,
Date of publication, distribution, etc 2011.
300 ## - PHYSICAL DESCRIPTION
Pagination 200 p. :
Other physical details Illutrations color page,
Dimensions 26 cm.
600 ## - SUBJECT ADDED ENTRY--PERSONAL NAME
Personal name Islam, Kazi Najrul
Title of a work Poet
650 ## - SUBJECT ADDED ENTRY--TOPICAL TERM
Topical term or geographic name as entry element Biography
710 ## - ADDED ENTRY--CORPORATE NAME
Corporate name or jurisdiction name as entry element Najrul Institute, Dhaka
942 ## - ADDED ENTRY ELEMENTS (KOHA)
Source of classification or shelving scheme Dewey Decimal Classification
Koha item type Reference
Holdings
Source of classification or shelving scheme Damaged status Not for loan Home library Current library Shelving location Date of accession Source of acquisition Cost, normal purchase price Total Checkouts Full call number Barcode Date last seen Copy number Method of acquisition Koha item type Currency
Dewey Decimal Classification     JCC Rouf Library JCC Rouf Library General Stacks 05/21/2023 Major General Md. Shafeenul Islam.ndc,psc 1500.00   923 REB 2011 17623 05/21/2023 C-1 Gift/Donation Reference BDT

JCC Library | Contacts | JCC Home

Last Update on 23 September 2017
Copyright @ 2017-2020 JCC Rouf Library
Rouf Library, Jhenidah Cadet College (JCC), Bangladesh